| 000 | 01348nam0a2200349 4500 | ||
|---|---|---|---|
| 001 | RU\NLR\BIBL_A\022178935 | ||
| 005 | 20240502164258.0 | ||
| 010 |
_a978-5-00172-628-9 _9500 |
||
| 021 |
_aRU _bКН-П-24-009984 _9КН-П-24-1030 |
||
| 035 | _a(NLR Aleph) 022178935 | ||
| 090 |
_a12975592 _c12975592 |
||
| 100 | _a20240325d2023 k y0rusy50 ca | ||
| 101 | 0 | _arus | |
| 102 | _aRU | ||
| 105 | _ay z 000yy | ||
| 181 | 0 |
_ai _baxxe |
|
| 182 | 0 | _an | |
| 200 | 1 |
_aМеждународное право и международные отношения _eмонография _fЮ. И. Фирсов |
|
| 203 |
_aТекст _bвизуальный _cнепосредственный |
||
| 210 |
_aМосква _cПрометей _d2023 |
||
| 215 |
_a76 с. _d21 |
||
| 320 | _aБиблиогр.: с. 70-76 (59 назв.) и в подстроч. примеч. | ||
| 606 | 1 |
_aМеждународное право _9913590 _3RU\NLR\AUTH\6614473 |
|
| 606 | 1 |
_aМеждународные отношения _9910990 _3RU\NLR\AUTH\6612973 |
|
| 607 |
_aРоссия _xВзаимоотношения _yАвстрия _92363132 _3RU\NLR\AUTH\6601633248 |
||
| 686 | 1 | _aХ91 | |
| 686 | 1 | _aХ913.1 | |
| 700 | 1 |
_aФирсов _bЮ. И. _gЮрий Иванович |
|
| 942 | _cBOOK | ||
| 980 | _aNB | ||